Communicating as professionals (Record no. 68426)

000 -LEADER
fixed length control field 00436nam a22001697a 4500
003 - CONTROL NUMBER IDENTIFIER
control field NUST - PNEC
005 - DATE AND TIME OF LATEST TRANSACTION
control field 20170116181052.0
008 - FIXED-LENGTH DATA ELEMENTS--GENERAL INFORMATION
fixed length control field 150929b xxu||||| |||| 00| 0 eng d
020 ## - INTERNATIONAL STANDARD BOOK NUMBER
International Standard Book Number 0170114198
040 ## - CATALOGING SOURCE
Transcribing agency LIBRARY
082 ## - DEWEY DECIMAL CLASSIFICATION NUMBER
Classification number 658.45 MOH
100 ## - MAIN ENTRY--PERSONAL NAME
9 (RLIN) 11929
Personal name Mohan Terry
245 ## - TITLE STATEMENT
Title Communicating as professionals
Statement of responsibility, etc. Terry Mohan
260 ## - PUBLICATION, DISTRIBUTION, ETC.
Date of publication, distribution, etc. c2004
650 ## - SUBJECT ADDED ENTRY--TOPICAL TERM
9 (RLIN) 11663
Topical term or geographic name entry element Communication in management
General subdivision Comm
942 ## - ADDED ENTRY ELEMENTS (KOHA)
Source of classification or shelving scheme
Koha item type Book
Holdings
Withdrawn status Lost status Source of classification or shelving scheme Damaged status Not for loan Permanent Location Current Location Shelving location Date acquired Total Checkouts Full call number Barcode Date last seen Price effective from Koha item type
          Pakistan Navy Engineering College (PNEC) Pakistan Navy Engineering College (PNEC)       658.45 MOH PNECLIB-029756 10/07/2015   Book
© 2023 Central Library, National University of Sciences and Technology. All Rights Reserved.